Building a better future (Record no. 70739)

MARC details
000 -LEADER
fixed length control field 00986cam a2200217 4500
001 - CONTROL NUMBER
control field WB3826-02
008 - FIXED-LENGTH DATA ELEMENTS--GENERAL INFORMATION
fixed length control field 020716n2002 000 0 eng u
035 ## - SYSTEM CONTROL NUMBER
System control number (Sirsi) u118855
245 ## - TITLE STATEMENT
Title Building a better future
260 ## - PUBLICATION, DISTRIBUTION, ETC.
Date of publication, distribution, etc. 2002
490 ## - SERIES STATEMENT
Series statement DTI Press Release
Volume/sequential designation (2002/449) 11 July 2002, (3)
520 ## - SUMMARY, ETC.
Summary, etc. Partners in innovation (PII) 2002 is a £7m initiative to kick-start innovative research programmes aimed at improving the quality of the bulit environment. Unlike previous PII initiatives this is aimed at researcher networks not individuals. The scheme will draw in as much finance again from industry. http://213.38.88.195/coi/coipress.nsf/567e3dc25f61661580256ae8003b4907/3c282d9fd0ca9f6480256bf4002d0175?OpenDocument
590 ## - LOCAL NOTE (RLIN)
Local note WB
650 ## - SUBJECT ADDED ENTRY--TOPICAL TERM
Topical term or geographic name entry element BUILT ENVIRONMENT
650 ## - SUBJECT ADDED ENTRY--TOPICAL TERM
Topical term or geographic name entry element RESEARCH NETWORKS
650 ## - SUBJECT ADDED ENTRY--TOPICAL TERM
Topical term or geographic name entry element PARTNERS IN INNOVATION
650 ## - SUBJECT ADDED ENTRY--TOPICAL TERM
Topical term or geographic name entry element PROFESSIONAL INDEMNITY INSURANCE
650 ## - SUBJECT ADDED ENTRY--TOPICAL TERM
Topical term or geographic name entry element BUILT ENVIRONMENT
690 ## - LOCAL SUBJECT ADDED ENTRY--TOPICAL TERM (OCLC, RLIN)
Topical term or geographic name as entry element BUILT ENVIRONMENT
942 ## - ADDED ENTRY ELEMENTS (KOHA)
Suppress in OPAC 0
Holdings
Withdrawn status Lost status Source of classification or shelving scheme Damaged status Not for loan Home library Current library Shelving location Date acquired Total Checkouts Full call number Barcode Date last seen Copy number Price effective from Koha item type
    Dewey Decimal Classification     London London News article 16/07/2002   WB3826-02 118855-1001 06/08/2019 1 06/08/2019 News article